000 01593nam2a22002651 4500
001 rc\4747151
005 20250613072037.0
021 _aRU
_b[83-40225]
035 _a(NLR Aleph) 009008086
090 _a9349847
_c9349847
100 _a20130417d1983 |||y0rusy50 ca
101 0 _arus
102 _aRU
105 _ay z |||||
200 1 _aСоя
_eОценка засухоустойчивости образцов на ран. этапах развития)
210 _cВИР
_d1983
_aБ. м.
215 _a40 с.
320 _aАлф. указ. образцов сои: с. 29-39
461 0 _1001rc\4746805
_12001#$aКаталог-справочник мировой коллекции ВИР$eВып. 1-$fВсесоюз. ордена Ленина акад. с.-х. наук им. В.И. Ленина. Всесоюз. науч.-исслед. ин-т растениеводства$vВып. 371
_99347765
_aВсероссийский институт генетических ресурсов растений им. Н. И. Вавилова (Санкт-Петербург)
_cЛенинград
_d1961-
_fВсесоюз. ордена Ленина акад. с.-х. наук им. В.И. Ленина. Всесоюз. науч.-исслед. ин-т растениеводства
_nБ. и.
_oВып. 1-
_tКаталог-справочник мировой коллекции ВИР
_vВып. 371
606 _aСоя
_xЗасухоустойчивость (вып. 371)
_2psbo
801 0 _aRU
_bNLR
_gpsbo
801 1 _aRU
_bELAR
_2rusmarc
852 _aNLR
_j62-4/1144
942 _cBOOK
980 _aNB